000 00521nam a2200181Ia 4500
005 20250326144759.0
008 250326s9999 xx 000 0 und d
037 _aTextbook
040 _aFMSL
_beng
_cFMSL
041 _aeng
_2eng
084 _aSNIObX:8 N7
_qFMSL
100 _aSorge Arndt
_9750094
245 0 _aHandbook of organizational behavior
_cSorge Arndt; Warner Malcolm
260 _aLondon
_bLondon, Thomson
_c1997
300 _a713p
942 _cTB
_hSNIObX:8 N7
999 _c1305024
_d1305024